DigiPedia35+. (Record no. 3019)
[ view plain ]
| 000 -LEADER | |
|---|---|
| fixed length control field | 01205cam a22001814a 4500 |
| 005 - ΗΜΕΡΟΜΗΝΙΑ ΚΑΙ ΩΡΑ ΤΕΛΕΥΤΑΙΑΣ ΕΝΗΜΕΡΩΣΗΣ | |
| Πεδίο ελέγχου | 20250605163348.0 |
| 008 - FIXED-LENGTH DATA ELEMENTS--GENERAL INFORMATION | |
| Πεδίο ελέγχου σταθερού μήκους | 250528s ||||||||||||||||||||||||d |
| 035 ## - SYSTEM CONTROL NUMBER | |
| System control number | 17616 |
| 020 ## - ISBN | |
| ISBN | 9789606883170 |
| 040 ## - ΠΗΓΗ ΚΑΤΑΛΟΓΟΓΡΑΦΗΣΗΣ | |
| Φορέας πρωτότυπης καταλογογράφησης | MC Athens Campus Library |
| Γλώσσα καταλογογράφησης | Ελληνικά, Μοντέρνα (1453-) |
| Modifying agency | MC Athens Campus Library |
| Κανόνες περιγραφικής καταλογογράφησης | AACR2 |
| 245 1# - ΤΙΤΛΟΣ ΚΑΙ ΔΗΛΩΣΗ ΥΠΕΥΘΥΝΟΤΗΤΑΣ | |
| Τίτλος | DigiPedia35+. |
| Number of part/section of a work | Τόμος 6 Διασκέδαση και Games Online Games, Interactive Games, Πρωτάθλημα στο Web. |
| 260 ## - PUBLICATION, DISTRIBUTION, ETC. | |
| Name of publisher, distributor, etc. | Τέσσερα Πι |
| 300 ## - PHYSICAL DESCRIPTION | |
| Extent | 98 |
| 520 ## - SUMMARY, ETC. | |
| Summary, etc. | Ένα πρωτοποριακό εκπαιδευτικό σύστημα αποκλειστικά για άντρες και γυναίκες άνω των 35 ετών, που θέλουν να μάθουν τους υπολογιστές και το Internet. Εισαγωγή, Τα Παιχνίδια των VISTA, Απλά Παιχνίδια στο Δίκτυο, Αστεία Βίντεο στο YOUTUBE, Η Εγκατάσταση ενός Παιχνιδιού, Προσθέτοντας Χειριστείρια, Οι Μεγάλες Πύλες της Διασκέδασης, Κλασσικά Παιχνίδια, Δικτυακά Στοιχήματα, Ανέκδοτα και Αστεία. |
| 942 ## - ADDED ENTRY ELEMENTS (KOHA) | |
| Koha item type | Books |
| Τύπος τεκμηρίου | Βιβλιοθήκη | Τρέχουσα τοποθεσία | Barcode | Αριθμός εισαγωγής | Ημερομηνία απόκτησης | Ταξιθετικό σύμβολο | Αριθμός αντιτύπου | Κατάσταση απόσυρσης | Κατάσταση χαμένου | Κατάσταση κατεστραμμένου | Μη δανεισμός | Σύνολο δανεισμών | Ημερομηνία τελευταίας εμφάνισης | Η τιμή ισχύει από |
|---|---|---|---|---|---|---|---|---|---|---|---|---|---|---|
| Books | MC Athens Campus Library | MC Athens Campus Library | 9780000030184 | 5863 | 05/06/2025 | 004 DIG | 1 | 05/06/2025 | 05/06/2025 |